[Event "SportAccord World Mind Games (Men, Basque)"]
[Site "Beijing CHN"]
[Date "2013.12.17"]
[EventDate "2013.12.17"]
[Round "2.2"]
[Result "0-1"]
[White "Wang Hao"]
[Black "Alexander Grischuk"]
[WhiteElo "2735"]
[BlackElo "2783"]
[PlyCount "52"]

1. Nf3 d5 2. d4 Bf5 3. e3 e6 4. c4 c6 5. Nc3 Nd7 6. Qb3 Qb6
7. c5 Qc7 8. Bd2 Be7 9. Qa4 Ngf6 10. Nh4 Be4 11. f3 Bg6 12. g3
e5 13. Bh3 O-O 14. Nf5 Bxf5 15. Bxf5 b6 16. cxb6 Nxb6 17. Qc2
Nc4 18. b3 Nxd2 19. Qxd2 g6 20. Bh3 exd4 21. exd4 c5 22. O-O
cxd4 23. Nb5 Qb6 24. Nxd4 Bc5 25. Rfd1 Rfe8 26. Rac1 Bxd4+ 0-1

[Event "SportAccord World Mind Games (Men, Basque)"]
[Site "Beijing CHN"]
[Date "2013.12.17"]
[EventDate "2013.12.17"]
[Round "3.1"]
[Result "1-0"]
[White "Wang Hao"]
[Black "Peter Leko"]
[WhiteElo "2735"]
[BlackElo "2730"]
[PlyCount "111"]

1. d4 Nf6 2. c4 e6 3. Nf3 b6 4. a3 Bb7 5. Nc3 d5 6. cxd5 Nxd5
7. e3 Be7 8. Bb5+ c6 9. Bd3 Nxc3 10. bxc3 O-O 11. O-O c5
12. Qe2 Qc7 13. Bb2 Nd7 14. e4 Rfd8 15. Nd2 Ne5 16. Bb1 Nc6
17. Nf3 Bf6 18. Rd1 Rd7 19. Ba2 Na5 20. g3 Rad8 21. Rd2 Qc8
22. Rad1 Ba6 23. Qe3 Bc4 24. Ba1 Bb3 25. e5 Be7 26. Bxb3 Nxb3
27. Re2 Qa6 28. Bb2 Qa4 29. Ree1 Na5 30. Nd2 Qc2 31. Rb1 h6
32. h4 Rd5 33. Rec1 Qa4 34. Qe2 R5d7 35. Qa6 cxd4 36. cxd4
Bxa3 37. Rc4 Bb4 38. Ra1 Qxa1+ 39. Bxa1 Bxd2 40. Rc8 Nb3
41. Rxd8+ Rxd8 42. Qxa7 Ba5 43. Qe7 b5 44. Bb2 Bb6 45. h5 Na5
46. d5 Rxd5 47. Qe8+ Kh7 48. Qxf7 Nc4 49. Qxe6 Rd2 50. Qg6+
Kh8 51. e6 Bxf2+ 52. Kh1 Rxb2 53. e7 Re2 54. e8=Q+ Rxe8
55. Qxe8+ Kh7 56. Qxb5 1-0

[Event "SportAccord World Mind Games (Men, Basque)"]
[Site "Beijing CHN"]
[Date "2013.12.18"]
[EventDate "2013.12.17"]
[Round "4.1"]
[Result "0-1"]
[White "Anish Giri"]
[Black "Wang Hao"]
[WhiteElo "2734"]
[BlackElo "2735"]
[PlyCount "90"]

1. d4 Nf6 2. c4 g6 3. Nf3 Bg7 4. g3 d6 5. Bg2 O-O 6. O-O Nc6
7. Nc3 a6 8. Bf4 Rb8 9. Rc1 h6 10. b3 g5 11. d5 gxf4 12. dxc6
fxg3 13. hxg3 b6 14. Qd3 e6 15. Rfd1 Qe7 16. e3 Rd8 17. Nd4
Ng4 18. Qe2 h5 19. Bh3 Qg5 20. Nf3 Qh6 21. Kg2 b5 22. cxb5
axb5 23. Nxb5 Ba6 24. a4 d5 25. Nfd4 Bxd4 26. Rxd4 Nf6
27. Rcd1 Ne4 28. Qc2 Bxb5 29. axb5 Qf6 30. Qe2 h4 31. b6 Rxb6
32. Qg4+ Kh7 33. Qh5+ Kg7 34. Qg4+ Kh7 35. Qh5+ Kg7 36. Qg4+
Kh6 37. f3 hxg3 38. Rh1 Rxb3 39. Kg1 Ng5 40. f4 Rxe3 41. Bf1+
Kg7 42. Rh5 Rh8 43. Rxg5+ Kf8 44. Ra4 Qb2 45. Ra8+ Ke7 0-1

[Event "SportAccord World Mind Games (Men, Basque)"]
[Site "Beijing CHN"]
[Date "2013.12.18"]
[EventDate "2013.12.17"]
[Round "4.2"]
[Result "0-1"]
[White "Wang Hao"]
[Black "Anish Giri"]
[WhiteElo "2735"]
[BlackElo "2734"]
[PlyCount "64"]

1. d4 Nf6 2. c4 g6 3. Nc3 d5 4. cxd5 Nxd5 5. Bd2 Nb6 6. e3 Bg7
7. f4 c5 8. dxc5 N6d7 9. Na4 e5 10. Nf3 exf4 11. exf4 O-O
12. Be2 b6 13. O-O Nxc5 14. Nxc5 bxc5 15. Bc3 Bxc3 16. bxc3
Nd7 17. Rb1 Nb6 18. Ne5 Bf5 19. Rb5 Qc7 20. Bg4 Rad8 21. Qf3
f6 22. Bxf5 gxf5 23. Nc4 Kh8 24. Nxb6 axb6 25. Rfb1 Rd6 26. a4
Qd8 27. h3 Rg8 28. R1b2 Rd3 29. Qh5 Rxc3 30. Qxf5 Qd4+ 31. Kh2
Rc1 32. Rf2 Qa1 0-1

[Event "SportAccord World Mind Games (Men, Basque)"]
[Site "Beijing CHN"]
[Date "2013.12.18"]
[EventDate "2013.12.17"]
[Round "5.1"]
[Result "1-0"]
[White "Ian Nepomniachtchi"]
[Black "Wang Hao"]
[WhiteElo "2721"]
[BlackElo "2735"]
[PlyCount "95"]

1. d4 Nf6 2. c4 g6 3. Nf3 Bg7 4. g3 O-O 5. Bg2 c5 6. Nc3 Nc6
7. O-O d6 8. e3 Bd7 9. b3 cxd4 10. exd4 a6 11. a4 Rc8 12. Re1
d5 13. c5 Bg4 14. h3 Bxf3 15. Bxf3 e6 16. Rb1 Nxd4 17. Qxd4
Ne4 18. Rxe4 Bxd4 19. Rxd4 Qf6 20. Rd3 Qf5 21. Be2 d4 22. Rxd4
Rxc5 23. Ne4 Rd5 24. Rc4 b5 25. g4 Qe5 26. Bb2 bxc4 27. Nf6+
Qxf6 28. Bxf6 cxb3 29. Bxa6 h6 30. Rxb3 Ra5 31. Bb5 Ra7 32. h4
Kh7 33. Kg2 Rc8 34. Rd3 Kg8 35. Kg3 Kf8 36. f3 Kg8 37. Rd6 Kf8
38. Bd4 Rac7 39. Bf6 Ra7 40. Kf4 Kg8 41. Ke3 Kf8 42. f4 Kg8
43. h5 Kh7 44. hxg6+ fxg6 45. Rxe6 h5 46. Bd4 Rac7 47. Bd3
hxg4 48. Rxg6 1-0

[Event "SportAccord World Mind Games (Men, Basque)"]
[Site "Beijing CHN"]
[Date "2013.12.18"]
[EventDate "2013.12.17"]
[Round "5.2"]
[Result "1-0"]
[White "Wang Hao"]
[Black "Ian Nepomniachtchi"]
[WhiteElo "2735"]
[BlackElo "2721"]
[PlyCount "105"]

1. e4 c6 2. d4 d5 3. e5 Bf5 4. h4 h5 5. c4 e6 6. Nc3 Be7
7. Nge2 dxc4 8. Ng3 Bd3 9. Bxd3 cxd3 10. Qxd3 Na6 11. Be3 Nb4
12. Qe2 g6 13. Nge4 Nh6 14. Bg5 Nf5 15. O-O-O Qa5 16. Bxe7
Kxe7 17. Kb1 Nd5 18. Qd2 Nxc3+ 19. bxc3 Rad8 20. f3 Kd7 21. g4
Ne7 22. Nd6 Rdf8 23. Ka1 b5 24. Rb1 Nd5 25. Ne4 Kc7 26. Rb3
Kb8 27. Qb2 Ka8 28. Nc5 hxg4 29. fxg4 Qd8 30. h5 gxh5 31. gxh5
Rfg8 32. Rb1 Rxh5 33. c4 Nc7 34. Ne4 Rgh8 35. Nd6 Rh2 36. Qa3
Ne8 37. Rxb5 Nxd6 38. exd6 cxb5 39. Qf3+ Kb8 40. Rxb5+ Qb6
41. Rxb6+ axb6 42. Qxf7 R8h3 43. Qe8+ Ka7 44. Qd7+ Ka6
45. Qb5+ Kb7 46. Qd7+ Ka6 47. Qc6 Ka7 48. d7 Rh1+ 49. Kb2
R3h2+ 50. Ka3 Rh3+ 51. Ka4 Ra1 52. Qc7+ Ka6 53. Qc8+ 1-0

[Event "Gashimov Memorial (Group B)"]
[Site "Shamkir AZE"]
[Date "2014.04.20"]
[EventDate "2014.04.21"]
[Round "1.5"]
[Result "1/2-1/2"]
[White "Wang Hao"]
[Black "Etienne Bacrot"]
[WhiteElo "2734"]
[BlackElo "2722"]
[PlyCount "68"]

1. d4 Nf6 2. c4 g6 3. Nc3 Bg7 4. e4 d6 5. Nf3 O-O 6. h3 e5
7. d5 Nh5 8. g3 a5 9. Bg2 Na6 10. O-O Bd7 11. Ne1 Qe8 12. Nd3
f5 13. Re1 Nf6 14. a3 fxe4 15. Nxe4 Nxe4 16. Rxe4 Bf5 17. Re1
b5 18. Nf4 Nc5 19. Ne6 Nxe6 20. dxe6 Bxe6 21. cxb5 Qxb5
22. Bxa8 Rxa8 23. a4 Qb7 24. g4 Bb3 25. Qd3 d5 26. Qg3 e4
27. Bf4 c5 28. Be5 Bxe5 29. Qxe5 Rf8 30. Re3 Bc4 31. Qe6+ Rf7
32. Qe8+ Rf8 33. Qe6+ Rf7 34. Qe8+ Rf8 1/2-1/2

[Event "Gashimov Memorial (Group B)"]
[Site "Shamkir AZE"]
[Date "2014.04.21"]
[EventDate "2014.04.21"]
[Round "2.3"]
[Result "1/2-1/2"]
[White "Gadir Guseinov"]
[Black "Wang Hao"]
[WhiteElo "2621"]
[BlackElo "2734"]
[PlyCount "69"]

1. e4 c5 2. Nc3 e6 3. Nf3 Nc6 4. d4 cxd4 5. Nxd4 Qc7 6. g3 a6
7. Bg2 Nf6 8. O-O d6 9. Re1 Bd7 10. Nxc6 bxc6 11. Na4 e5
12. c4 Be6 13. c5 dxc5 14. Qc2 Nd7 15. Be3 Be7 16. Nxc5 Nxc5
17. Bxc5 O-O 18. Bf1 a5 19. Rec1 Bxc5 20. Qxc5 Rfb8 21. b3 Rb4
22. Bc4 Bxc4 23. Rxc4 Rxc4 24. Qxc4 Rd8 25. Rc1 h5 26. Kg2 Rd2
27. Qxc6 Qxc6 28. Rxc6 Rxa2 29. Rc8+ Kh7 30. h4 a4 31. bxa4
Rxa4 32. Kf3 Ra3+ 33. Kg2 Ra4 34. Kf3 Ra3+ 35. Kg2 1/2-1/2

[Event "Gashimov Memorial (Group B)"]
[Site "Shamkir AZE"]
[Date "2014.04.22"]
[EventDate "2014.03.18"]
[Round "3.4"]
[Result "1/2-1/2"]
[White "Wang Hao"]
[Black "Nijat Abasov"]
[WhiteElo "2734"]
[BlackElo "2516"]
[PlyCount "91"]

1. d4 Nf6 2. c4 e6 3. Nc3 Bb4 4. Qc2 d5 5. cxd5 Qxd5 6. Nf3
Qf5 7. Qb3 Nc6 8. Bd2 O-O 9. h3 a5 10. g4 Qg6 11. a3 a4
12. Qa2 Bxc3 13. bxc3 Ne4 14. Bg2 f5 15. Rb1 Kh8 16. Qc2 Nxd2
17. Nxd2 e5 18. e3 Ne7 19. Nc4 e4 20. Ne5 Qf6 21. O-O Ng6
22. Nxg6+ hxg6 23. f3 exf3 24. Rxf3 Qg5 25. e4 Bd7 26. Qf2 b6
27. Rf4 Rae8 28. Rf1 Bb5 29. Re1 Kg8 30. Qa2+ Kh8 31. Qf2 Kg8
32. e5 Bc4 33. Qg3 Qe7 34. gxf5 gxf5 35. Bc6 Rd8 36. Bxa4 Rf7
37. Bc2 Rdf8 38. Qg6 Rf6 39. Qg3 R6f7 40. Kh2 Qxa3 41. Rg1 Bd5
42. Rh4 Qb2 43. Rg2 Bxg2 44. Qg6 Re8 45. e6 Rxe6 46. Qxe6
1/2-1/2

[Event "Gashimov Memorial (Group B)"]
[Site "Shamkir AZE"]
[Date "2014.04.23"]
[EventDate "2014.04.21"]
[Round "4.3"]
[Result "1-0"]
[White "Rauf Mamedov"]
[Black "Wang Hao"]
[WhiteElo "2660"]
[BlackElo "2734"]
[PlyCount "149"]

1. e4 e6 2. d4 d5 3. Nd2 Nf6 4. e5 Nfd7 5. Bd3 c5 6. c3 Nc6
7. Ngf3 Qb6 8. O-O cxd4 9. cxd4 Nxd4 10. Nxd4 Qxd4 11. Nf3 Qb6
12. Qa4 Qb4 13. Qc2 Nc5 14. Bd2 Qa4 15. b3 Qd7 16. Rac1 b6
17. Nd4 Ba6 18. Bxa6 Nxa6 19. Qd3 Nc5 20. Qe2 a5 21. Be3 Be7
22. Qg4 g6 23. Bh6 Bf8 24. Bxf8 Kxf8 25. Qf4 h6 26. Rc3 Qe7
27. Nc6 Qd7 28. Nd4 Qe7 29. Nc6 Qg5 30. Qd4 h5 31. f4 Qf5
32. Qd1 h4 33. Nd4 Qh5 34. Qc2 Kg7 35. Rcf3 Rhf8 36. Rc3 Rfc8
37. a3 Re8 38. Rff3 Re7 39. Qe2 h3 40. f5 Kg8 41. f6 Rd7
42. Rf4 Qxe2 43. Nxe2 g5 44. Rg4 Ne4 45. Rxh3 Rc7 46. Rf3 Kh7
47. h4 Kg6 48. Ng3 Rc1+ 49. Kh2 Re1 50. Nxe4 dxe4 51. Rxg5+
Kh6 52. Rc3 Rd8 53. Rgg3 b5 54. b4 a4 55. Rg4 e3 56. Kg3 e2
57. Kf2 Rb1 58. Kxe2 Rb2+ 59. Ke1 Rb3 60. Rxb3 axb3 61. Rg3
Rg8 62. Rxb3 Rxg2 63. Rc3 Kg6 64. Rc5 Rg3 65. Rxb5 Rxa3
66. Kd2 Kf5 67. Rc5 Ke4 68. Kc2 Kd4 69. Rc7 Kxe5 70. Rxf7 Rh3
71. b5 Rxh4 72. Kc3 Rh1 73. Kb4 Kf5 74. b6 e5 75. Rf8 1-0

[Event "Gashimov Memorial (Group B)"]
[Site "Shamkir AZE"]
[Date "2014.04.24"]
[EventDate "2014.03.18"]
[Round "5"]
[Result "1/2-1/2"]
[White "Wang Hao"]
[Black "Radoslaw Wojtaszek"]
[WhiteElo "2734"]
[BlackElo "2716"]
[PlyCount "132"]

1. e4 c5 2. Nf3 d6 3. Bb5+ Nd7 4. d4 cxd4 5. Qxd4 a6 6. Bxd7+
Bxd7 7. O-O e5 8. Qd3 Rc8 9. c4 b5 10. Na3 Qb6 11. Be3 Qb7
12. Nd2 Be7 13. Rfc1 Nf6 14. cxb5 Rxc1+ 15. Rxc1 axb5 16. Bg5
Nh5 17. Bxe7 Kxe7 18. g3 Nf6 19. Nc2 Rc8 20. Rd1 Bg4 21. Re1
Be6 22. Nb4 Qb6 23. a3 Qb7 24. Qe3 h6 25. f3 Kf8 26. Qd3 Qb6+
27. Kg2 Qc5 28. Rd1 Rd8 29. Nb1 Bc4 30. Qc2 Rd7 31. Nc3 Kg8
32. Qf2 Kf8 33. Qxc5 dxc5 34. Nc6 Rxd1 35. Nxd1 Nd7 36. Nc3 f6
37. b4 cxb4 38. axb4 g6 39. Kf2 Kf7 40. Ke3 Ke6 41. Kd2 f5
42. Na7 fxe4 43. fxe4 Nf6 44. Naxb5 Nxe4+ 45. Nxe4 Bxb5
46. Ke3 Bc6 47. Nc3 Kd6 48. Ne4+ Ke6 49. Nc3 Kd6 50. Kd3 Bg2
51. Ne4+ Kc6 52. Nf6 h5 53. h4 Kd6 54. Ne4+ Kc6 55. Ke3 Bf1
56. Nf6 Kd6 57. Nh7 Ke6 58. Ng5+ Kf5 59. Ne4 Kg4 60. Kf2 Ba6
61. Nd6 g5 62. hxg5 Kxg5 63. Kf3 Bf1 64. b5 Bxb5 65. Nxb5 e4+
66. Kxe4 h4 1/2-1/2

[Event "Gashimov Memorial (Group B)"]
[Site "Shamkir AZE"]
[Date "2014.04.26"]
[EventDate "2014.03.20"]
[Round "6"]
[Result "0-1"]
[White "Pavel Eljanov"]
[Black "Wang Hao"]
[WhiteElo "2732"]
[BlackElo "2734"]
[PlyCount "84"]

1. d4 Nf6 2. c4 e6 3. Nc3 Bb4 4. Nf3 b6 5. e3 Bb7 6. Bd3 O-O
7. O-O d5 8. cxd5 exd5 9. Qc2 a6 10. a3 Bd6 11. e4 dxe4
12. Nxe4 Nxe4 13. Bxe4 Bxe4 14. Qxe4 Nd7 15. Bg5 Qe8 16. Qc6
Qe6 17. Rac1 Nc5 18. g3 Ne4 19. Rce1 Rae8 20. Nd2 f5 21. f3
Bxg3 22. Qxe6+ Rxe6 23. hxg3 Nxg5 24. f4 Ne4 25. Nxe4 fxe4
26. Rc1 Rd8 27. Rxc7 Rxd4 28. f5 Red6 29. Re1 R6d5 30. Kf2
Rxf5+ 31. Ke3 Rd8 32. Kxe4 Rf2 33. Rec1 Re8+ 34. Kd5 Rxb2
35. R1c4 h5 36. Rh4 Rb5+ 37. Kc6 Re6+ 38. Kb7 Rg6 39. Rc8+ Kh7
40. Kxa6 Ra5+ 41. Kb7 Rxg3 42. a4 Rg4 0-1

[Event "Gashimov Memorial (Group B)"]
[Site "Shamkir AZE"]
[Date "2014.04.27"]
[EventDate "2014.03.20"]
[Round "7"]
[Result "1-0"]
[White "Wang Hao"]
[Black "Alexander Motylev"]
[WhiteElo "2734"]
[BlackElo "2685"]
[PlyCount "79"]

1. e4 e5 2. Nf3 Nc6 3. d4 exd4 4. Nxd4 Qf6 5. Nxc6 Bc5 6. Qf3
bxc6 7. Qg3 d6 8. Nc3 Qg6 9. f3 Ne7 10. Bd2 f5 11. Bd3 Qf7
12. f4 O-O 13. Qf3 Bd4 14. O-O-O Rb8 15. Rhe1 d5 16. exd5 Nxd5
17. Bc4 Kh8 18. Bb3 Qf6 19. Na4 Qh6 20. c3 Bf6 21. Nc5 a5
22. Ne6 Bxe6 23. Rxe6 Ne7 24. Rde1 Rfd8 25. Rxe7 Bxe7 26. Rxe7
a4 27. Bc4 a3 28. b4 Qxh2 29. Be3 Re8 30. Rxe8+ Rxe8 31. Kc2
Qh1 32. Bf1 h6 33. Bd4 Re1 34. Qg3 Re7 35. Qf2 Qh5 36. Bd3 Qf7
37. c4 Qe6 38. Be5 c5 39. Qxc5 Qg6 40. Qxe7 1-0

[Event "Gashimov Memorial (Group B)"]
[Site "Shamkir AZE"]
[Date "2014.04.28"]
[EventDate "2014.03.20"]
[Round "8"]
[Result "1/2-1/2"]
[White "Eltaj Safarli"]
[Black "Wang Hao"]
[WhiteElo "2656"]
[BlackElo "2734"]
[PlyCount "81"]

1. e4 c5 2. Nf3 d6 3. d4 cxd4 4. Nxd4 Nf6 5. Nc3 a6 6. Be3 Ng4
7. Bg5 h6 8. Bh4 g5 9. Bg3 Bg7 10. Be2 h5 11. h4 gxh4 12. Bxh4
Nc6 13. Nb3 b5 14. O-O Be6 15. Qd2 Nge5 16. Nd5 Nc4 17. Bxc4
bxc4 18. Nc1 Bxd5 19. exd5 Ne5 20. Ne2 Qd7 21. f3 Ng6 22. Bf2
Bxb2 23. Rae1 Bf6 24. Bd4 Qf5 25. Bxf6 Qxf6 26. Nd4 h4 27. Re4
Rh5 28. Nc6 c3 29. Qd3 Kf8 30. f4 Qf5 31. Qf3 Rh7 32. Re2 Rc8
33. Nd4 Qh5 34. Qh3 Rc4 35. f5 Ne5 36. Rxe5 dxe5 37. f6 exf6
38. Qd7 Rxd4 39. Qd8+ Kg7 40. Qxf6+ Kg8 41. Qd8+ 1/2-1/2

[Event "Gashimov Memorial (Group B)"]
[Site "Shamkir AZE"]
[Date "2014.04.29"]
[EventDate "2014.03.20"]
[Round "9"]
[Result "1/2-1/2"]
[White "Wang Hao"]
[Black "Vasif Durarbayli"]
[WhiteElo "2734"]
[BlackElo "2584"]
[PlyCount "119"]

1. d4 Nf6 2. c4 g6 3. Nf3 Bg7 4. g3 O-O 5. Bg2 c6 6. O-O d5
7. Qb3 Qb6 8. Nc3 Rd8 9. Rd1 Bf5 10. Ne1 Be6 11. c5 Qxb3
12. axb3 Na6 13. f3 Nd7 14. Ra4 Naxc5 15. dxc5 Nxc5 16. Ra3 d4
17. Ne4 Bxb3 18. Rd2 Nxe4 19. fxe4 Bc4 20. Rc2 Bb5 21. Nd3 e5
22. Bd2 b6 23. b4 f6 24. Kf2 Bf8 25. Ra1 Kf7 26. h4 Rdc8
27. h5 Rc7 28. Bh3 Bd6 29. Rac1 Rf8 30. Kg2 Ke7 31. Nc5 f5
32. exf5 gxf5 33. Bh6 Rf7 34. Rf1 bxc5 35. bxc5 Bxc5 36. Rxc5
Kd6 37. Rc2 Ke6 38. Rfc1 c5 39. Rxc5 Rxc5 40. Rxc5 Bxe2
41. Kf2 Bxh5 42. Bf1 Kd6 43. Ra5 Rc7 44. Bf8+ Ke6 45. Bc5 Be8
46. Bd3 h5 47. Ke1 Bc6 48. Ra6 Kd5 49. Bxa7 Rb7 50. Bxf5 e4
51. Ra1 Rb3 52. Bg6 Ke6 53. Ra6 Kd7 54. Bf5+ Kd6 55. Bxd4 Rxg3
56. Bf2 Rc3 57. Bxe4 Kc7 58. Kd2 Rc4 59. Bd3 Ra4 60. Rxa4
1/2-1/2

[Event "World Rapid Championship"]
[Site "Dubai UAE"]
[Date "2014.06.16"]
[EventDate "2014.06.16"]
[Round "2.9"]
[Result "1/2-1/2"]
[White "Ngoc Truongson Nguyen"]
[Black "Wang Hao"]
[WhiteElo "2660"]
[BlackElo "2716"]
[PlyCount "87"]

1. d4 Nf6 2. Nf3 d5 3. Bf4 c6 4. e3 Bg4 5. Nbd2 e6 6. h3 Bxf3
7. Nxf3 Bd6 8. Bd3 O-O 9. O-O Qc7 10. Bxd6 Qxd6 11. c4 Nbd7
12. Qb3 Rab8 13. Rfd1 Rfe8 14. Rac1 Qe7 15. Qc3 a6 16. a3 g6
17. b4 e5 18. dxe5 Nxe5 19. Nxe5 Qxe5 20. Qxe5 Rxe5 21. cxd5
Nxd5 22. Rc5 Re7 23. e4 Nf4 24. Bc2 Rc8 25. Rd6 Rcc7 26. a4
Rcd7 27. Rxd7 Rxd7 28. b5 axb5 29. axb5 cxb5 30. Rxb5 Ne2+
31. Kh2 Rd2 32. Bb3 Nd4 33. Rxb7 Nxb3 34. Rxb3 Rxf2 35. Kg3
Re2 36. Kf3 Ra2 37. Rb6 Kg7 38. Rc6 Rb2 39. Ra6 Rc2 40. Rb6
Ra2 41. Rc6 Rb2 42. Ra6 Rc2 43. Rb6 Ra2 44. Rc6 1/2-1/2

[Event "World Rapid Championship"]
[Site "Dubai UAE"]
[Date "2014.06.16"]
[EventDate "2014.06.16"]
[Round "3.13"]
[Result "1/2-1/2"]
[White "Wang Hao"]
[Black "Eltaj Safarli"]
[WhiteElo "2716"]
[BlackElo "2662"]
[PlyCount "166"]

1. e4 c5 2. Nf3 e6 3. d4 cxd4 4. Nxd4 Nf6 5. Nc3 Nc6 6. Ndb5
Bb4 7. a3 Bxc3+ 8. Nxc3 d5 9. exd5 Nxd5 10. Bd2 Nxc3 11. Bxc3
Qxd1+ 12. Rxd1 f6 13. f4 Bd7 14. Bc4 O-O-O 15. O-O Rhe8 16. b4
e5 17. b5 Nd4 18. fxe5 fxe5 19. Bxd4 Bg4 20. Rd2 Rxd4 21. Rxd4
exd4 22. Rf4 Bd7 23. Rxd4 Re1+ 24. Kf2 Ra1 25. Rd3 Kc7 26. Rg3
g6 27. Be2 Kb6 28. Re3 Bf5 29. c4 Ra2 30. Kf3 h5 31. Kf4 Kc5
32. h4 Kd4 33. g3 Bb1 34. Re7 b6 35. Re3 Rc2 36. Re5 Ra2
37. Re3 Rc2 38. a4 Ra2 39. Re7 Rxa4 40. Rd7+ Kc3 41. Kg5 Ra2
42. Re7 Kd4 43. Kf4 Kc3 44. Ke3 Bf5 45. Re5 Bb1 46. c5 bxc5
47. Rxc5+ Kb4 48. Re5 Bc2 49. Kf4 Ra3 50. Rd5 Rc3 51. Rd7 Ra3
52. Rc7 Bb1 53. Rc6 Ka5 54. Ra6+ Kb4 55. Rc6 Ka5 56. Bc4 Kb4
57. Bf1 Ka5 58. Ra6+ Kb4 59. Rd6 Bc2 60. Rd5 Ra1 61. Be2 Ra2
62. Rd6 Kc5 63. Rc6+ Kd4 64. Rc4+ Kd5 65. Rc7 Kd4 66. Rc4+ Kd5
67. Rc6 Ra4+ 68. Kg5 Bb1 69. Bf3+ Ke5 70. Rc5+ Kd6 71. Rc6+
Ke5 72. Rc1 Bd3 73. Re1+ Kd4 74. Bc6 Ra5 75. Kf4 a6 76. Rd1
axb5 77. Be4 Ra3 78. Bxg6 b4 79. Bxh5 Kc3 80. Rxd3+ Kxd3
81. Bg6+ Kd4 82. h5 Rxg3 83. Kxg3 Ke5 1/2-1/2

[Event "World Rapid Championship"]
[Site "Dubai UAE"]
[Date "2014.06.16"]
[EventDate "2014.06.16"]
[Round "4.15"]
[Result "1-0"]
[White "Eduardo Patricio Iturrizaga Bonelli"]
[Black "Wang Hao"]
[WhiteElo "2653"]
[BlackElo "2729"]
[PlyCount "101"]

1. Nf3 d5 2. c4 d4 3. b4 f6 4. d3 e5 5. a3 Ne7 6. g3 a5 7. Bb2
Ng6 8. b5 Nd7 9. Bg2 a4 10. O-O Nc5 11. Nbd2 Be7 12. Ne1 f5
13. Nc2 O-O 14. Nb4 Be6 15. Qc2 Qd7 16. Rad1 Rad8 17. Nd5 Kh8
18. Rfe1 f4 19. Ne4 Nb3 20. Nd2 Nc5 21. Ne4 Nb3 22. Nd2 Nxd2
23. Nxe7 Nxe7 24. Rxd2 Bh3 25. Be4 Rf6 26. Qxa4 Rdf8 27. f3
fxg3 28. hxg3 Rh6 29. Kf2 Qg4 30. Bc1 Qe6 31. Rg1 g5 32. Rdd1
Qf6 33. Bxb7 Nf5 34. Be4 Nd6 35. Bc6 Bg4 36. Rh1 Rxh1 37. Rxh1
e4 38. dxe4 Bxf3 39. e5 Qxe5 40. exf3 Nf5 41. Rg1 Ne3 42. Bxe3
Qxe3+ 43. Kg2 Qe2+ 44. Kh3 Rf6 45. Qa8+ Kg7 46. Qe8 Rh6+
47. Kg4 Re6 48. Qd7+ Kg6 49. Rh1 h6 50. Bd5 Rf6 51. Be4+ 1-0

[Event "World Rapid Championship"]
[Site "Dubai UAE"]
[Date "2014.06.16"]
[EventDate "2014.06.16"]
[Round "5.28"]
[Result "1-0"]
[White "Wang Hao"]
[Black "Bassem Amin"]
[WhiteElo "2729"]
[BlackElo "2635"]
[PlyCount "99"]

1. d4 Nf6 2. c4 e6 3. Nc3 Bb4 4. e3 b6 5. Bd3 Bb7 6. Nf3 Ne4
7. Qc2 f5 8. O-O Bxc3 9. bxc3 O-O 10. Nd2 Qh4 11. f3 Nxd2
12. Bxd2 Nc6 13. a4 Rf6 14. Rf2 Raf8 15. Rb1 e5 16. c5 e4
17. g3 Qh5 18. Bc4+ Kh8 19. f4 Ba8 20. cxb6 cxb6 21. Be2 Qe8
22. Rff1 Qe7 23. c4 Rc8 24. Bc3 Rff8 25. Qd2 d6 26. Rb3 Qd7
27. Rfb1 h6 28. h3 Rfd8 29. g4 d5 30. c5 bxc5 31. dxc5 Qe7
32. Bd4 Nxd4 33. exd4 Rf8 34. gxf5 Bc6 35. a5 Qh4 36. Qe3 Rce8
37. Qg3 Qf6 38. Qe3 Qxf5 39. Rf1 Rb8 40. Kh2 Qf6 41. Rfb1 Rxb3
42. Rxb3 g5 43. fxg5 Qf2+ 44. Kh1 Qe1+ 45. Kg2 Ba4 46. g6 Kg8
47. Bc4 Bxb3 48. Qxe1 Bxc4 49. Qh4 Bf1+ 50. Kg1 1-0

[Event "World Rapid Championship"]
[Site "Dubai UAE"]
[Date "2014.06.17"]
[EventDate "2014.06.16"]
[Round "6.17"]
[Result "1-0"]
[White "Viktor Antonovich Bologan"]
[Black "Wang Hao"]
[WhiteElo "2661"]
[BlackElo "2729"]
[PlyCount "67"]

1. e4 e6 2. d4 d5 3. Nc3 Nf6 4. e5 Nfd7 5. f4 c5 6. Nf3 Nc6
7. Be3 Be7 8. Qd2 b6 9. Bd3 Bb7 10. O-O O-O 11. Kh1 Rc8 12. a3
f5 13. h3 cxd4 14. Nxd4 Nxd4 15. Bxd4 Nc5 16. Kh2 Ne4 17. Qe3
g5 18. Ne2 Kh8 19. Rad1 Rg8 20. g4 Qf8 21. gxf5 exf5 22. e6+
Bf6 23. fxg5 Bg7 24. c3 Qd6+ 25. Nf4 Rce8 26. Bxe4 Rxe6
27. Qg3 Rxe4 28. Rf2 Bxd4 29. Rxd4 Qe7 30. g6 Rxd4 31. cxd4
Bc6 32. Re2 Qc7 33. Qh4 Rxg6 34. Re7 1-0

[Event "World Rapid Championship"]
[Site "Dubai UAE"]
[Date "2014.06.17"]
[EventDate "2014.06.16"]
[Round "7.24"]
[Result "1/2-1/2"]
[White "Wang Hao"]
[Black "Chanda Sandipan"]
[WhiteElo "2729"]
[BlackElo "2594"]
[PlyCount "133"]

1. c4 g6 2. Nc3 Bg7 3. d4 Nf6 4. e4 d6 5. h3 O-O 6. Nf3 e5
7. d5 a5 8. Be3 Na6 9. g4 Nc5 10. Nd2 Nfd7 11. Rg1 Kh8 12. Qc2
Nb6 13. g5 f5 14. h4 f4 15. Bxc5 dxc5 16. Qd3 Bd7 17. Bh3 f3
18. Bxd7 Qxd7 19. O-O-O Rf4 20. Rh1 Qg4 21. Rh2 h5 22. gxh6
Bxh6 23. Rdh1 Qh5 24. Kc2 Nd7 25. Nf1 Nf6 26. Rg1 Rxh4
27. Rxh4 Qxh4 28. Qxf3 Rf8 29. Qg2 Nxd5 30. Qxg6 Ne7 31. Qg3
Rxf2+ 32. Kb3 Qxg3 33. Nxg3 Be3 34. Rf1 Rxf1 35. Nxf1 Bd4
36. Nb5 c6 37. Nd6 b6 38. Ng3 Kg7 39. Kc2 Kf6 40. b3 Ke6
41. Ngf5 Nxf5 42. Nxf5 Ba1 43. Kd3 Bb2 44. a4 Kf6 45. Ke3 Bc1+
46. Kf3 Bf4 47. Kg4 Bc1 48. Kh5 Bf4 49. Nh6 Kg7 50. Nf5+ Kf6
51. Nh4 Bc1 52. Ng6 Bd2 53. Nf8 Ke7 54. Nh7 Kf7 55. Kg4 Ke6
56. Nf8+ Ke7 57. Ng6+ Kf6 58. Kh5 Bc1 59. Nh4 Bf4 60. Nf5 Bc1
61. Nd6 Ke7 62. Nf5+ Kf6 63. Ng3 Bf4 64. Ne2 Bd2 65. Ng3 Bf4
66. Ne2 Bd2 67. Ng3 1/2-1/2

[Event "World Rapid Championship"]
[Site "Dubai UAE"]
[Date "2014.06.17"]
[EventDate "2014.06.16"]
[Round "8.26"]
[Result "1/2-1/2"]
[White "Kiril Dimitrov Georgiev"]
[Black "Wang Hao"]
[WhiteElo "2644"]
[BlackElo "2729"]
[PlyCount "102"]

1. d4 f5 2. Bg5 d6 3. e3 g6 4. Nc3 Bg7 5. Bc4 Nf6 6. Nf3 c6
7. Bb3 d5 8. Ne2 Be6 9. Nf4 Bf7 10. Nd3 h6 11. Bf4 g5 12. Bg3
Bh5 13. c4 Ne4 14. Be5 Bxe5 15. Ndxe5 Nd7 16. Nxd7 Qxd7
17. cxd5 cxd5 18. O-O Bxf3 19. Qxf3 O-O-O 20. Qe2 e6 21. Bc2
Nd6 22. Bd3 Kb8 23. Rfc1 h5 24. Rc5 g4 25. Rac1 Rhf8 26. Qd2
h4 27. b3 h3 28. g3 Rc8 29. a4 b6 30. Qb4 Nb7 31. R5c2 Qd6
32. Rxc8+ Rxc8 33. Rxc8+ Kxc8 34. Qxd6 Nxd6 35. f3 gxf3
36. Kf2 Ne4+ 37. Kxf3 Nd2+ 38. Kf4 Nxb3 39. g4 fxg4 40. Kxg4
Nd2 41. Kxh3 Nc4 42. e4 Nb2 43. Ba6+ Kd8 44. Bb5 dxe4 45. Kg3
a6 46. Bxa6 Nxa4 47. Kf4 Nc3 48. Bb7 Ke7 49. Bxe4 Ne2+ 50. Ke5
Nxd4 51. Kxd4 Kf6 1/2-1/2

[Event "World Rapid Championship"]
[Site "Dubai UAE"]
[Date "2014.06.17"]
[EventDate "2014.06.16"]
[Round "9.1"]
[Result "1/2-1/2"]
[White "Wang Hao"]
[Black "Alexander Ipatov"]
[WhiteElo "2716"]
[BlackElo "2596"]
[PlyCount "53"]

1. e4 c5 2. Nf3 Nf6 3. e5 Nd5 4. Nc3 Nxc3 5. dxc3 Nc6 6. Bf4
Qb6 7. b3 h6 8. h4 Qc7 9. Qd2 e6 10. O-O-O a6 11. Kb1 b5
12. c4 b4 13. Bd3 a5 14. Qe2 Bb7 15. Be4 a4 16. Bc1 Be7
17. Bb2 f5 18. exf6 Bxf6 19. Qe3 Bxb2 20. Kxb2 Qa5 21. Bg6+
Ke7 22. Qf4 Rhf8 23. Qd6+ Kf6 24. Qf4+ Ke7 25. Qd6+ Kf6
26. Qf4+ Ke7 27. Qd6+ 1/2-1/2

[Event "World Rapid Championship"]
[Site "Dubai UAE"]
[Date "2014.06.17"]
[EventDate "2014.06.16"]
[Round "10.26"]
[Result "1-0"]
[White "Wang Hao"]
[Black "Aleksej Gennadyevich Aleksandrov"]
[WhiteElo "2729"]
[BlackElo "2554"]
[PlyCount "101"]

1. d4 Nf6 2. c4 e6 3. Nc3 d5 4. Nf3 Bb4 5. cxd5 exd5 6. Bg5 h6
7. Bh4 c5 8. e3 c4 9. Nd2 g5 10. Bg3 Bf5 11. h4 Rg8 12. Be2
Nc6 13. a3 Bxc3 14. bxc3 b5 15. hxg5 hxg5 16. O-O Kf8 17. Qc1
a5 18. Qb2 Qb6 19. f3 Re8 20. e4 Bg6 21. Bxc4 dxc4 22. Nxc4
Qa6 23. Nd6 Nh5 24. Bh2 Rb8 25. Qd2 Nf4 26. Bxf4 gxf4 27. Qxf4
Qb6 28. e5 b4 29. Qh6+ Rg7 30. axb4 axb4 31. Ne4 Bxe4 32. fxe4
Nxd4 33. Qxb6 Ne2+ 34. Kf2 Rxb6 35. Kxe2 Rxg2+ 36. Kf3 Rgg6
37. c4 b3 38. Ke3 b2 39. Rab1 Rgc6 40. Rf6 Ke7 41. Rxb2 Rxf6
42. exf6+ Rxf6 43. Rb7+ Ke8 44. c5 Re6 45. Kd4 f6 46. Rb6 Re7
47. Rxf6 Kd7 48. Ra6 Re8 49. Kd5 Kc7 50. Ra7+ Kb8 51. Rd7 1-0